5HLuxD.jpg

KING HENRY VIII SENIOR AND PRIMARY SCHOOL LIBRARY OPAC

When Marnie was there (Record no. 5937)

000 -LEADER
fixed length control field 00773nam a22002297a 4500
003 - CONTROL NUMBER IDENTIFIER
control field OSt
005 - DATE AND TIME OF LATEST TRANSACTION
control field 20251203082317.0
008 - FIXED-LENGTH DATA ELEMENTS--GENERAL INFORMATION
fixed length control field 251203b ||||| |||| 00| 0 eng d
020 ## - INTERNATIONAL STANDARD BOOK NUMBER
International Standard Book Number 9780007591350
040 ## - CATALOGING SOURCE
Transcribing agency KH8
082 04 - DEWEY DECIMAL CLASSIFICATION NUMBER
Classification number 823.912 ROB
100 1# - MAIN ENTRY--PERSONAL NAME
Personal name Robinson, Joan G
Relator term author
245 10 - TITLE STATEMENT
Title When Marnie was there
Statement of responsibility, etc. Joan G. Robinson ; illustrated by Peggy Fortnum.
264 #1 - PRODUCTION, PUBLICATION, DISTRIBUTION, MANUFACTURE, AND COPYRIGHT NOTICE
Place of production, publication, distribution, manufacture 1 London Bridge Street, London SE1 9GF
Name of producer, publisher, distributor, manufacturer HarperCollins Children's Books
Date of production, publication, distribution, manufacture, or copyright notice 2014
300 ## - PHYSICAL DESCRIPTION
Extent 285 pages
Other physical details illustrations black and white
Dimensions 13 CM X 20 CM
650 #0 - SUBJECT ADDED ENTRY--TOPICAL TERM
Topical term or geographic name entry element Foster children
Geographic subdivision England
-- Norfolk
Form subdivision Juvenile fiction
650 #0 - SUBJECT ADDED ENTRY--TOPICAL TERM
Topical term or geographic name entry element Friendship
Form subdivision Juvenile fiction
655 #0 - INDEX TERM--GENRE/FORM
Genre/form data or focus term Ghost stories
655 #0 - INDEX TERM--GENRE/FORM
Genre/form data or focus term Children's stories
700 1# - ADDED ENTRY--PERSONAL NAME
Personal name Fortnum, Peggy
Relator term illustrator
942 ## - ADDED ENTRY ELEMENTS (KOHA)
Source of classification or shelving scheme
Koha item type Books - Non Ficton
Holdings
Withdrawn status Lost status Source of classification or shelving scheme Damaged status Not for loan Collection code Permanent Location Current Location Shelving location Date acquired Total Checkouts Full call number Barcode Date last seen Date last checked out Price effective from Koha item type Public note
          Fiction KH8 Primary School Library KH8 Primary School Library Fiction 2025-12-03 2 823.912 ROB KHPL000008145 2026-01-21 2026-01-08 2025-12-03 Books - Non Ficton PRIMARY LIBRARY

Powered By KH8 IT Dept